NFL Pro Bowl Defensive Tackles 2020s - Statistics

General Stats
  • This quiz has been taken 12 times
  • The average score is 32 of 47
Answer Stats
Year Team Player % Correct
2023 Rams Aaron Donald
100%
2022 Rams Aaron Donald
100%
2021 Rams Aaron Donald
100%
2020 Rams Aaron Donald
100%
2025 Chiefs Chris Jones
100%
2024 Chiefs Chris Jones
100%
2023 Chiefs Chris Jones
100%
2022 Chiefs Chris Jones
100%
2021 Chiefs Chris Jones
100%
2020 Chiefs Chris Jones
100%
2024 Seahawks Leonard Williams
100%
2024 Jets Quinnen Williams
100%
2023 Jets Quinnen Williams
100%
2022 Jets Quinnen Williams
100%
2024 Steelers Cameron Heyward
91%
2022 Steelers Cameron Heyward
91%
2021 Steelers Cameron Heyward
91%
2020 Steelers Cameron Heyward
91%
2024 Giants Dexter Lawrence
91%
2023 Giants Dexter Lawrence
91%
2022 Giants Dexter Lawrence
91%
2024 Titans Jeffery Simmons
91%
2022 Titans Jeffery Simmons
91%
2021 Titans Jeffery Simmons
91%
2024 Eagles Jalen Carter
82%
2024 Buccaneers Vita Vea
82%
2021 Buccaneers Vita Vea
82%
2022 Commanders Daron Payne
55%
2023 Colts DeForest Buckner
55%
2021 Colts DeForest Buckner
55%
2020 Eagles Fletcher Cox
55%
2022 Redskins Jonathan Allen
55%
2023 Ravens Nnamdi Madubuike
55%
2023 Packers Kenny Clark
45%
2020 Falcons Grady Jarrett
36%
2025 Eagles Jalen Carter
27%
2023 49ers Javon Hargrave
27%
2025 Seahawks Leonard Williams
27%
2020 Ravens Calais Campbell
18%
2023 Panthers Derrick Brown
18%
2021 Eagles Javon Hargrave
18%
2025 Titans Jeffery Simmons
18%
2021 Commanders Jonathan Allen
18%
2021 Packers Kenny Clark
18%
2024 Ravens Nnamdi Madubuike
18%
2025 Jets/Cowboys Quinnen Williams
18%
2025 Broncos Zach Allen
18%
No matching quizzes found
Score Distribution
Percent of People with Each Score
Percentile by Number Answered
Your Score History
You have not taken this quiz